000 01167nam1a22002771i 4500
001 rc\3571236
005 20260406212644.0
021 _aRU
_b[70-10043]
035 _a(NLR Aleph) 007800730
090 _a7681976
_c7681976
100 _a20130115d1969 |||y0rusy50 ca
101 0 _arus
102 _aRU
105 _ay z |||||
200 1 _aПроблемы личности
_eМатериалы симпозиума. [Москва, 1970]
_fРед. коллегия: В.М. Банщиков [и др.]
_gВсесоюз. науч.-мед. о-во невропатологов и психиаторов. Ин-т философии АН СССР
210 _aМосква
_cБ. и.
_d1969
215 _d21
606 _aЛичность
_jСборники
_2psbo
702 1 _aБанщиков
_bВ.М.
_f1898-1992
_gВасилий Михайлович
_4340
712 0 2 _aВсероссийское науч. мед. о-во невропатологов и психиатров
_3RU\NLR\AUTH\889970125
_9436528
801 0 _aRU
_bNLR
_gpsbo
801 1 _aRU
_bELAR
_2rusmarc
852 _aNLR
_j69-3/11201
852 _aNLR
_jМф К1/13496-1-2
942 _cBOOK